| 000 | 00611nam a2200145Ia 4500 | ||
|---|---|---|---|
| 008 | 231221s9999 xx 000 0 und d | ||
| 041 | _aEnglish | ||
| 100 | _aAmbuja, R. Raghavan, K S. Seetharama, S. | ||
| 245 | 0 | _aInformation and knowledge management in health sciences : nuver perspective, MLAI 2004 national convention 9-11 Dec 2004. Chennai | |
| 260 |
_c2004 _bALM Post grachute Institute of Basic Medical Sciences _aChennai |
||
| 300 | _a491 | ||
| 500 | _aSRELS | ||
| 650 | _aInformation,knowledge,management,health,nuver,perspective,,MLAI,2004,national,convention,9-11,Dec,2004.,Chennai | ||
| 942 | _cCP | ||
| 999 |
_c233265 _d233265 |
||